Techno-economic analysis of Smart Grid pilot project- Puducherry; Resource-Efficient Technologies; Vol. 2, Iss. 4
| Parent link: | Resource-Efficient Technologies: electronic scientific journal/ National Research Tomsk Polytechnic University (TPU).— , 2015-.— 2405-6537 Vol. 2, Iss. 4.— 2016.— [P. 185-198] |
|---|---|
| Autor principal: | |
| Otros Autores: | , |
| Sumario: | Title screen Smart Grid (SG) a well-known concept being rapidly introduced in the power industry. New transformation of Indian power network has begun with 14 SG pilot projects across the nation. One of such projects has been successfully commissioned in Puducherry. The motive of this research work is to analyze the techno-economic aspects of a smart distribution network before being implemented nation-wide the study case facilitating efficient planning and deployment of technology. This paper presents techno-economic analysis of Smart Grid via a case study of Puducherry pilot project. Covered in this paper are different components of investment which convey an idea about services and their proposition as well as technical advancements with their benefits. This paper discusses the gain in terms of energy and money saving through different smart technical tools. Payback analysis explains how investment in smart distribution network is justified. |
| Lenguaje: | inglés |
| Publicado: |
2016
|
| Materias: | |
| Acceso en línea: | http://earchive.tpu.ru/handle/11683/50222 |
| Formato: | Electrónico Capítulo de libro |
| KOHA link: | https://koha.lib.tpu.ru/cgi-bin/koha/opac-detail.pl?biblionumber=569901 |
MARC
| LEADER | 00000naa2a2200000 4500 | ||
|---|---|---|---|
| 001 | 569901 | ||
| 005 | 20231101124906.0 | ||
| 035 | |a (RuTPU)RU\TPU\prd\267405 | ||
| 035 | |a RU\TPU\prd\267392 | ||
| 090 | |a 569901 | ||
| 100 | |a 20161212a2016 k y0rusy50 ba | ||
| 101 | 0 | |a eng | |
| 102 | |a RU | ||
| 135 | |a drcn ---uucaa | ||
| 200 | 1 | |a Techno-economic analysis of Smart Grid pilot project- Puducherry |b Electronic resource |f Ramakrishna Kappagantu, S. Arul Daniel, N. S. Suresh | |
| 203 | |a Text |c electronic | ||
| 300 | |a Title screen | ||
| 320 | |a [References: p. 197-198 (41 tit.)] | ||
| 330 | |a Smart Grid (SG) a well-known concept being rapidly introduced in the power industry. New transformation of Indian power network has begun with 14 SG pilot projects across the nation. One of such projects has been successfully commissioned in Puducherry. The motive of this research work is to analyze the techno-economic aspects of a smart distribution network before being implemented nation-wide the study case facilitating efficient planning and deployment of technology. This paper presents techno-economic analysis of Smart Grid via a case study of Puducherry pilot project. Covered in this paper are different components of investment which convey an idea about services and their proposition as well as technical advancements with their benefits. This paper discusses the gain in terms of energy and money saving through different smart technical tools. Payback analysis explains how investment in smart distribution network is justified. | ||
| 461 | 1 | |0 (RuTPU)RU\TPU\prd\247369 |x 2405-6537 |t Resource-Efficient Technologies |o electronic scientific journal |f National Research Tomsk Polytechnic University (TPU) |d 2015- | |
| 463 | 1 | |0 (RuTPU)RU\TPU\prd\267389 |t Vol. 2, Iss. 4 |v [P. 185-198] |d 2016 | |
| 610 | 1 | |a труды учёных ТПУ | |
| 610 | 1 | |a электронный ресурс | |
| 610 | 1 | |a Smart grid | |
| 610 | 1 | |a energy | |
| 610 | 1 | |a infrastructure | |
| 610 | 1 | |a stability | |
| 610 | 1 | |a смарт-технологии | |
| 610 | 1 | |a энергия | |
| 610 | 1 | |a сетевая инфраструктура | |
| 610 | 1 | |a стабильность | |
| 610 | 1 | |a регулирование | |
| 700 | 0 | |a Ramakrishna Kappagantu | |
| 701 | 1 | |a Arul Daniel |b S. | |
| 701 | 1 | |a Suresh |b N. S. | |
| 801 | 1 | |a RU |b 63413507 |c 20090623 |g PSBO | |
| 801 | 2 | |a RU |b 63413507 |c 20180830 |g PSBO | |
| 856 | 4 | |u http://earchive.tpu.ru/handle/11683/50222 | |
| 942 | |c BK | ||